[Event "San Francisco TNM Winter op"]
[Site "San Francisco"]
[Date "2015.02.24"]
[Round "8"]
[White "Olson, David R"]
[Black "Ren, Ling Feng"]
[Result "0-1"]
[WhiteElo "1400"]
[BlackElo "823"]
[PlyCount "44"]
[EventDate "2015.01.06"]
[EventType "swiss"]
[EventRounds "8"]
[EventCountry "USA"]
[SourceTitle "EXT 2016"]
[Source "ChessBase"]
[SourceDate "2015.10.08"]
[SourceVersion "1"]
[SourceVersionDate "2015.10.08"]
[SourceQuality "1"]

1. Nf3 Nc6 2. c4 e5 3. Nc3 Nf6 4. d3 d5 5. cxd5 Nxd5 6. g3 Bb4 7. Bd2 Nxc3 8. bxc3 Bc5 9. Bg2 Bg4 10. 0-0 Qd6 11. Rb1 0-0-0 12. Qb3 Bb6 13. Ng5 Be6 14. Qb5 a6 15. Qa4 f6 16. Ne4 Qd7 17. Rb2 Bg4 18. e3 Qxd3 19. Nc5 Qf5 20. Rfb1 Rxd2 21. Nxa6 Qxf2+ 22. Kh1 Qxg2# 0-1